Kody IATA lotnisk - Statystyki

Ogólne statystyki
  • Ten quiz został rozwiązany 151 razy
  • Średni wynik to 47 z 125
Statystyki odpowiedzi
Hint Odpowiedź % Poprawnych
Ateny ATH
85%
Paryż Charles de Gaulle CDG
85%
Helsinki HEL
82%
Amsterdam AMS
77%
Londyn Heathrow LHR
75%
Kopenhaga CPH
74%
Berlin BER
72%
Dusseldorf DUS
71%
Gdańsk GDN
70%
Warszawa WAW
70%
Madryt MAD
66%
Dublin DUB
64%
Frankfurt FRA
64%
Manchester MAN
64%
Dubaj DXB
62%
Monachium MUC
61%
Oslo Gardermoen OSL
61%
Praga PRG
61%
Wiedeń VIE
61%
Lizbona LIS
60%
Luksemburg LUX
58%
Alicante ALC
57%
Sztokholm Arlanda ARN
57%
Barcelona El Prat BCN
57%
Stambuł IST
56%
Bruksela BRU
54%
Wilno VNO
52%
Londyn Gatwick LGW
51%
Edynburg EDI
49%
Rzym Fiumicino FCO
49%
Szczecin SZZ
48%
Heraklion HER
47%
Rzym Ciampino CIA
46%
Rhodos RHO
46%
Gotenburg GOT
45%
Agadir AGA
44%
Dubrovnik DBV
44%
Malta MLA
44%
Zurych ZRH
44%
Londyn Stansted STN
43%
Bari BRI
42%
Londyn Luton LTN
42%
Ryga RIX
42%
Tel Awiw TLV
42%
Malaga AGP
41%
Billund BLL
41%
Eindhoven EIN
41%
Glasgow GLA
41%
Mediolan Bergamo BGY
39%
Neapol NAP
39%
Nicea NCE
39%
Bristol BRS
38%
Zadar ZAD
38%
Chicago O'Hare ORD
38%
Antalya AYT
37%
Mediolan Malpensa MXP
37%
Pafos PFO
37%
Stuttgart STR
37%
Tirana TIA
36%
Bydgoszcz BZG
35%
Korfu CFU
35%
Faro FAO
35%
Cagliari CAG
33%
Nowy Jork Newark EWR
33%
Olbia OLB
33%
Warna VAR
33%
Paryż Beauvais BVA
32%
Katania CTA
32%
Larnaka LCA
32%
Palermo PMO
32%
Oslo Torp TRF
32%
Bazylea BSL
31%
Dortmund DTM
30%
Lille LIL
30%
Marsylia MRS
30%
Teneryfa Południowa TFS
30%
Birmingham BHX
29%
Gran Canaria (Las Palmas) LPA
29%
Majorka PMI
29%
Stavanger SVG
29%
Burgas BOJ
28%
Chania CHQ
28%
Bruksela Charleroi CRL
28%
Trondheim TRD
28%
Belfast BFS
27%
Bergen BGO
27%
Porto OPO
26%
Abu Dhabi AUH
25%
Belgrad BEG
25%
Bolonia BLQ
25%
Piza PSA
25%
Olsztyn Mazury SZY
25%
Podgorica TGD
25%
Barcelona Girona GRO
24%
Rimini RMI
24%
Turyn TRN
24%
Liverpool LPL
23%
Shannon SNN
23%
Szardża SHJ
22%
Triest TRS
22%
East Midlands EMA
21%
Saloniki SKG
21%
Split SPU
21%
Zakintos ZTH
21%
Kos KGS
20%
Leeds Bradford LBA
20%
Newcastle NCL
20%
Lyon LYS
19%
Walencja VLC
19%
Bournemouth BOH
17%
Tuluza TLS
17%
Ankara ESB
16%
Sewilla SVQ
16%
Santorini JTR
14%
Memmingen FMM
14%
Wenecja Treviso TSF
14%
Ankona AOI
13%
Bordeaux BOD
12%
Kuwejt KWI
12%
Lamezia Terme SUF
12%
Milas-Bodrum BJV
10%
Perugia PEG
10%
Lourdes LDE
9%
Pescara PSR
9%
Akureyri AEY
4%
Nie znaleziono quizów pasujących do podanych kryteriów
Rozkład punktacji
Procent ludzi z każdym wynikiem
Percentyl według liczby udzielonych odpowiedzi
Twoja historia wyników
Nie rozwiązałeś tego quizu